00539nam a2200145Ia 4500008004100000100002000041245007500061245004600136260004900182260000900231650001300240856004800253999001900301952007300320170221s9999 xx 000 0 und d aSuzanne N. Cory 4aThe marketing major and Hispanic students: An occupational stereotype? cSuzanne N. Cory, St. Mary’s University. bJournal of Management and Marketing Research c2011 xBusiness uhttp://www.aabri.com/manuscripts/141901.pdf c309822d309822 001040aCLbCLd2017-02-21l0r2017-02-21 00:00:00w2017-02-21yFOJ